Normal view
MARC view
- LT Gen J F R Jacob
Entry Personal Name
001 - CONTROL NUMBER
- control field: 108989
003 - CONTROL NUMBER IDENTIFIER
- control field: NUST
005 - DATE AND TIME OF LATEST TRANSACTION
- control field: 20230213120212.0
008 - FIXED-LENGTH DATA ELEMENTS
- fixed length control field: 230213|| aca||aabn | a|a d
040 ## - CATALOGING SOURCE
- Original cataloging agency: NUST
- Transcribing agency: NUST
100 ## - HEADING--PERSONAL NAME
- Personal name: LT Gen J F R Jacob
670 ## - SOURCE DATA FOUND
- Source citation: Work cat.: (NUST)194052: LT Gen J F R Jacob, Surrender at Dacca, Birth of a Nation / , 1997
